Quiz de la Provincia de Barcelona - Estadísticas

Estadísticas generales
  • Esta prueba ha sido intentada 212 veces
  • La puntuación promedio es 10 de 12
Estadísticas de respuestas
Pista Respuesta % Correcto
Capital. Barcelona
100%
Idiomas oficiales (di cualquiera) Castellano / Catalán
99%
Comunidad autónoma de la que forma parte. Cataluña
99%
Basílica católica situada en el centro de la capital que lleva construyéndose más de 140 años. Sagrada Familia
96%
Segunda ciudad más grande de la provincia, situada a 6 kilómetros de la capital por la que pasa el río Llobregat. L'Hospitalet de Llobregat
93%
Arquitecto nacido en Tarragona, conocido por crear el Parque Güell y la Casa Milá. Antonio Gaudí
91%
La más conocida de las playas de la capital, situada en el barrio con su mismo nombre. La Barceloneta
87%
Plato que se suele comer de almuerzo conocido informalmente como "pantumaca". Pan con tomate
79%
Paseo de 1'2 kilómetros que cruza la capital desde el centro de la ciudad hasta el puerto. Las Ramblas
76%
Soprano nacida en la capital conocida por la presentación de la Olimpiadas de 1992 junto a Freddie Mercury. Montserrat Caballé
72%
Pintor de arte abstracto nacido en la capital considerado "el más reconocido de la ciudad" Joan Miró
53%
Montaña más alta (pista: empieza por P) Pedraforca
21%
No se encontraron pruebas coincidentes
Distribución de puntuación
Porcentaje de gente con cada puntuación
Porcentaje por número respondido
Historial de tus puntuaciones
No has intentado esta prueba.